a-z backwards - Statistics

General Stats
  • This quiz has been taken 35 times
  • The average score is 15 of 26
Answer Stats
Answer % Correct
y
100%
z
100%
x
95%
w
84%
v
74%
s
68%
t
68%
u
68%
q
63%
r
63%
m
58%
n
58%
o
58%
p
58%
l
47%
a
42%
b
42%
c
42%
d
42%
e
42%
f
42%
g
42%
h
42%
i
42%
j
42%
k
42%
No matching quizzes found
Score Distribution
Percent of People with Each Score
Percentile by Number Answered
Your Score History
You have not taken this quiz